Gaming Quiz

Random Gaming Quiz

MTG: Top 100 Vintage cards Quiz Stats

 Plays Quiz not verified by Sporcle

Challenge
Share
Tweet
Embed
Score 0/100 Timer 10:00
0 Plays Today
Card Type Card % Correct
ArtifactBlack Lotus
90.2%
ArtifactMox Ruby
86%
ArtifactMox Sapphire
84.2%
ArtifactMox Emerald
83.8%
ArtifactMox Jet
83.4%
ArtifactMox Pearl
80.8%
InstantForce of Will
76.6%
InstantAncestral Recall
76.6%
SorceryTime Walk
74%
SorceryTimetwister
69.4%
PlaneswalkerJace, the Mind Sculptor
69.4%
LandUnderground Sea
66.4%
InstantBrainstorm
63.4%
LandVolcanic Island
62.6%
LandTropical Island
61.5%
LandMishra's Workshop
61.1%
LandTundra
60%
ArtifactMana Crypt
60%
LandBazaar of Baghdad
60%
ArtifactMana Vault
59.6%
ArtifactSol Ring
59.6%
Legendary LandTolarian Academy
58.9%
CreatureTarmogoyf
58.1%
CreatureDark Confidant
56.6%
SorceryYawgmoth's Will
56.6%
LandWasteland
56.6%
LandLibrary of Alexandria
54.7%
SorceryPonder
54%
SorceryDemonic Tutor
54%
InstantDark Ritual
54%
LandPolluted Delta
54%
LandScalding Tarn
53.2%
LandStrip Mine
52.1%
LandFlooded Strand
50.9%
Card Type Card % Correct
EnchantmentNecropotence
50.9%
InstantVampiric Tutor
50.9%
InstantMana Drain
50.6%
SorceryTinker
50.6%
LandMisty Rainforest
50.6%
ArtifactTime Vault
50.6%
InstantMental Misstep
45.7%
Artifact CreatureBlightsteel Colossus
45.7%
EnchantmentYawgmoth's Bargain
43.4%
SorceryPreordain
43%
LandIsland
43%
ArtifactLion's Eye Diamond
42.6%
ArtifactLotus Petal
42.3%
EnchantmentOath of Druids
41.9%
Artifact CreatureLodestone Golem
41.9%
SorceryImperial Seal
41.5%
InstantGush
41.5%
SorceryTendrils of Agony
40.4%
SorceryWheel of Fortune
40%
InstantSwords to Plowshares
39.2%
SorceryBalance
39.2%
SorceryThoughtseize
38.9%
InstantMystical Tutor
38.5%
EnchantmentFastbond
37.7%
LandSwamp
37.4%
PlaneswalkerTezzeret the Seeker
36.6%
ArtifactVoltaic Key
36.2%
Legendary CreatureVendilion Clique
35.5%
SorceryMerchant Scroll
35.5%
ArtifactTrinisphere
35.1%
ArtifactSensei's Divining Top
33.6%
ArtifactMemory Jar
32.8%
InstantSpell Pierce
32.8%
ArtifactNull Rod
32.5%
Card Type Card % Correct
InstantDuress
32.1%
CreatureTrygon Predator
30.2%
SorceryMind's Desire
30.2%
ArtifactChalice of the Void
29.4%
LandCity of Brass
28.7%
ArtifactThorn of Amethyst
28.7%
SorceryGifts Ungiven
28.3%
CreatureGolgari Grave-Troll
27.9%
LandForbidden Orchard
27.5%
LandAncient Tomb
27.5%
ArtifactTangle Wire
27.5%
EnchantmentBridge from Below
26.4%
SorceryChannel
26%
CreatureGoblin Welder
24.2%
ArtifactCrucible of Worlds
23.8%
InstantHurkyl's Recall
23.4%
SorceryDread Return
23%
EnchantmentLeyline of the Void
23%
InstantPyroblast
21.5%
SorceryCabal Therapy
21.5%
Artifact CreaturePhyrexian Metamorph
21.1%
CreatureGorilla Shaman
18.5%
InstantDismember
16.6%
InstantThirst for Knowledge
16.2%
InstantNature's Claim
14.7%
CreatureLotus Cobra
14%
SorceryEmpty the Warrens
14%
InstantMindbreak Trap
12.5%
InstantAncient Grudge
12.1%
CreatureYixlid Jailer
9.1%
ArtifactNihil Spellbomb
7.9%
InstantAd Nauseam
6.8%

You're not logged in!

Compare scores with friends on all Sporcle quizzes.
OR
Log In

You Might Also Like...

Show Comments

Extras

Created Jan 14, 2013SourceReportNominate
Tags:100, mtg, set, Top 100, vintage

Top Quizzes Today


Score Distribution

Your Account Isn't Verified!

In order to create a playlist on Sporcle, you need to verify the email address you used during registration. Go to your Sporcle Settings to finish the process.

Report this User

Report this user for behavior that violates our Community Guidelines.

Details: